[Event "Stay Safe Play From Home 129"]
[Site "T#645801Emanuel Laske"]
[Date "2020.05.07"]
[Round "7"]
[White "Haxhi Baha"]
[Black "CastlingArrocco"]
[Result "1-0"]
[WhiteElo "2014"]
[BlackElo "2056"]
[Annotator "NA"]
[PlyCount "67"]
[EventDate "2020.05.07"]
[EventType "swiss (blitz)"]

1. e4 {[%emt 0:00:01]} Nc6 {[%emt 0:00:00]} 2. Nf3 {[%emt 0:00:01]} d6 {[%emt 0:00:01]} 3. d4 {[%emt 0:00:01]} Bg4 {[%emt 0:00:02]} 4. d5 {[%emt 0:00:01]} Bxf3 {[%emt 0:00:00]} 5. Qxf3 {[%emt 0:00:03]} Ne5 {[%emt 0:00:01]} 6. Qd1 {[%emt 0:00:00]} Ng6 {[%emt 0:00:00]} 7. f4 {[%emt 0:00:01]} Nf6 {[%emt 0:00:01]} 8. Qf3 {[%emt 0:00:01]} e6 {[%emt 0:00:01]} 9. Nc3 {[%emt 0:00:01]} exd5 {[%emt 0:00:01]} 10. exd5 {[%emt 0:00:00]} Be7 {[%emt 0:00:01]} 11. Be3 {[%emt 0:00:01]} O-O {[%emt 0:00:01]} 12. O-O-O {[%emt 0:00:02]} Rc8 {[%emt 0:00:00]} 13. g4 {[%emt 0:00:01]} c6 {[%emt 0:00:01]} 14. dxc6 {[%emt 0:00:03]} Rxc6 {[%emt 0:00:01]} 15. g5 {[%emt 0:00:01]} Nd7 {[%emt 0:00:03]} 16. h4 {[%emt 0:00:01]} Qc7 {[%emt 0:00:02]} 17. h5 {[%emt 0:00:02]} Nh8 {[%emt 0:00:02]} 18. Bd3 {[%emt 0:00:02]} g6 {[%emt 0:00:01]} 19. Nd5 {[%emt 0:00:01]} Qd8 {[%emt 0:00:03]} 20. Qh3 {[%emt 0:00:02]} f5 {[%emt 0:00:06]} 21. hxg6 {[%emt 0:00:04]} Rf7 {[%emt 0:00:09]} 22. gxf7+ {[%emt 0:00:01]} Kxf7 {[%emt 0:00:00]} 23. Qxh7+ {[%emt 0:00:01]} Ke8 {[%emt 0:00:01]} 24. Qxh8+ {[%emt 0:00:02]} Bf8 {[%emt 0:00:01]} 25. g6 {[%emt 0:00:02]} Nf6 {[%emt 0:00:01]} 26. Nxf6+ {[%emt 0:00:02]} Ke7 {[%emt 0:00:07]} 27. Rh7+ {[%emt 0:00:02]} Ke6 {[%emt 0:00:01]} 28. Bd4 {[%emt 0:00:04]} d5 {[%emt 0:00:00]} 29. Re1+ {[%emt 0:00:02]} Kd6 {[%emt 0:00:00]} 30. Rd7+ {[%emt 0:00:02]} Qxd7 {[%emt 0:00:02]} 31. Nxd7 {[%emt 0:00:01]} Kxd7 {[%emt 0:00:03]} 32. Qxf8 {[%emt 0:00:01]} Kc7 {[%emt 0:00:00]} 33. Re7+ {[%emt 0:00:01]} Kd6 {[%emt 0:00:01]} 34. Qd8# {[%emt 0:00:02] (Lag: Av=0.64s, max=3.7s)} 1-0

[Event "Stay Safe Play From Home 129"]
[Site "T#645801Emanuel Laske"]
[Date "2020.05.07"]
[Round "7"]
[White "Lazieri3"]
[Black "matanant"]
[Result "1-0"]
[WhiteElo "2007"]
[BlackElo "1668"]
[Annotator "NA"]
[PlyCount "49"]
[EventDate "2020.05.07"]
[EventType "swiss (blitz)"]

1. e4 {[%emt 0:00:01]} e6 {[%emt 0:00:01]} 2. Nc3 {[%emt 0:00:00]} g6 {[%emt 0:00:02]} 3. Nf3 {[%emt 0:00:00]} Bg7 {[%emt 0:00:00]} 4. d3 {[%emt 0:00:00]} Ne7 {[%emt 0:00:01]} 5. Be3 {[%emt 0:00:00]} O-O {[%emt 0:00:00]} 6. Qd2 {[%emt 0:00:01]} d5 {[%emt 0:00:00]} 7. Bh6 {[%emt 0:00:01]} dxe4 {[%emt 0:00:02]} 8. Nxe4 {[%emt 0:00:01]} Nbc6 {[%emt 0:00:02]} 9. h4 {[%emt 0:00:02]} Nf5 {[%emt 0:00:03]} 10. Bxg7 {[%emt 0:00:01]} Kxg7 {[%emt 0:00:01]} 11. h5 {[%emt 0:00:00]} h6 {[%emt 0:00:08]} 12. g4 {[%emt 0:00:03]} Re8 {[%emt 0:00:01]} 13. gxf5 {[%emt 0:00:03]} exf5 {[%emt 0:00:02]} 14. hxg6 {[%emt 0:00:01]} fxe4 {[%emt 0:00:01]} 15. Qxh6+ {[%emt 0:00:01]} Kf6 {[%emt 0:00:01]} 16. gxf7+ {[%emt 0:00:05]} Kxf7 {[%emt 0:00:02]} 17. Ng5+ {[%emt 0:00:02]} Ke7 {[%emt 0:00:02]} 18. Qg7+ {[%emt 0:00:05]} Kd6 {[%emt 0:00:02]} 19. Nxe4+ {[%emt 0:00:01]} Rxe4+ {[%emt 0:00:05]} 20. dxe4 {[%emt 0:00:00]} Be6 {[%emt 0:00:02]} 21. O-O-O+ {[%emt 0:00:02]} Nd4 {[%emt 0:00:12]} 22. Rxd4+ {[%emt 0:00:03]} Kc6 {[%emt 0:00:00]} 23. Rxd8 {[%emt 0:00:02]} Rxd8 {[%emt 0:00:00]} 24. Qc3+ {[%emt 0:00:01]} Kb6 {[%emt 0:00:03]} 25. Bc4 {[%emt 0:00:01] Time (Lag: Av=0.89s, max=1.2s)} 1-0

[Event "Stay Safe Play From Home 129"]
[Site "T#645801Emanuel Laske"]
[Date "2020.05.07"]
[Round "7"]
[White "Greblha"]
[Black "Klausen"]
[Result "1-0"]
[WhiteElo "1905"]
[BlackElo "1766"]
[Annotator "NA"]
[PlyCount "23"]
[EventDate "2020.05.07"]
[EventType "swiss (blitz)"]

1. e4 {[%emt 0:00:01]} e6 {[%emt 0:00:01]} 2. Qe2 {[%emt 0:00:01]} Nc6 {[%emt 0:00:02]} 3. e5 {[%emt 0:00:01]} d5 {[%emt 0:00:02]} 4. exd6 {[%emt 0:00:02]} cxd6 {[%emt 0:00:01]} 5. Nf3 {[%emt 0:00:00]} Nf6 {[%emt 0:00:02]} 6. d4 {[%emt 0:00:01]} d5 {[%emt 0:00:01]} 7. c3 {[%emt 0:00:01]} Be7 {[%emt 0:00:01]} 8. Bf4 {[%emt 0:00:01]} O-O {[%emt 0:00:01]} 9. Nbd2 {[%emt 0:00:01]} b6 {[%emt 0:00:02]} 10. g3 {[%emt 0:00:01]} Bb7 {[%emt 0:00:01]} 11. Bg2 {[%emt 0:00:00]} Rc8 {[%emt 0:00:02]} 12. O-O {[%emt 0:00:00] Zeit (Lag: Av=0.45s, max=0.7s) '} 1-0

[Event "Stay Safe Play From Home 129"]
[Site "T#645801Emanuel Laske"]
[Date "2020.05.07"]
[Round "8"]
[White "Onlyforchess"]
[Black "Lazieri3"]
[Result "1-0"]
[WhiteElo "2497"]
[BlackElo "2011"]
[Annotator "TA"]
[PlyCount "95"]
[EventDate "2020.05.07"]
[EventType "swiss (blitz)"]

{[%evp 16,95,0,-10,-18,-9,-13,-31,3,5,6,-21,16,19,145,147,179,187,221,209,400,196,287,286,320,289,513,568,689,662,642,643,29975,29976,29974,29977,29976,29978,12836,12537,29986,29987,29993,29986,29995,29985,29983,29984,29981,29982,29989,29990,29990,29991,29992,29993,29993,29994,29994,29994,29995,29996,29996,29995,29995,29996,29996,29997,29997,29997,29997,29997,29998,29996,29996,29996,29996,29997,29997,29998,29998,29999]} 1. e4 c6 2. Nf3 d5 3. Nc3 dxe4 4. Nxe4 Nd7 5. Qe2 Ndf6 6. d4 Nxe4 7. Qxe4 Nf6 8. Qh4 Bf5 9. c3 $1 e6 {B11: Caro-Kann: Two Knights Variation.} 10. Bc4 Be7 {[#]} 11. h3 $146 ({Predecessor:} 11. Qg3 Bg6 12. h4 Ne4 13. Qf4 Bd6 14. Qe3 h6 15. Bd3 f5 16. Nd2 Nxd2 17. Qxe6+ {1-0 (41) Morgunov,M (2341)-Schroettner,M (1934) Playchess.com INT 2020}) 11... Ne4 {Black is slightly better.} 12. Qf4 h6 13. g4 Bg6 14. Ne5 Nd6 (14... Bd6 $11 {keeps the balance.}) 15. Nxg6 $16 fxg6 16. Bxe6 Bg5 17. Qe5 Qe7 $2 {[#]} (17... Bf6 18. Qe2 g5) 18. O-O (18. Bxg5 $142 hxg5 19. O-O-O) 18... Bxc1 (18... Bf6 $142 19. Qe2 Rf8) 19. Raxc1 $18 ({But not} 19. Rfxc1 Kd8 $18) 19... Kd8 20. Rfe1 Re8 $2 (20... Rf8 21. c4 Nf7 22. Qa5+ (22. Qxg7 Ng5 $16) 22... Qc7) 21. c4 Nf7 22. Bxf7 Qxf7 23. Qd6+ Qd7 24. Rxe8+ Kxe8 {[%mdl 4096] Endgame KQR-KQR} 25. Re1+ Kd8 26. Qf8+ Kc7 27. Qxa8 Qxd4 28. Re7+ {White mates.} Kb6 29. Qxb7+ Ka5 30. Qxa7+ Qxa7 31. Rxa7+ {KR-KP} Kb4 32. Rb7+ Kxc4 33. a4 c5 34. a5 g5 35. a6 h5 36. a7 hxg4 37. hxg4 {KR-K3P} g6 38. a8=Q Kd3 39. Qd8+ Kc2 {[#]} 40. Rc7 $1 c4 41. Rxc4+ Kb1 42. Rc7 Ka2 43. Qb8 Kb1 44. b4 {[%cal Bb2b4,Bb4b5,Bb5b6,Bb6b7][%mdl 32]} Kb2 45. b5 Kb3 46. b6 Kb4 47. b7 Kb5 48. Qa7 {Black did not feel at home in the position after the opening. Accuracy: White = 71%, Black = 24%.} 1-0

[Event "Stay Safe Play From Home 129"]
[Site "T#645801Emanuel Laske"]
[Date "2020.05.07"]
[Round "8"]
[White "Mepe_Nika"]
[Black "Chessencounter"]
[Result "1-0"]
[WhiteElo "2316"]
[BlackElo "2148"]
[Annotator "NA RC"]
[PlyCount "247"]
[EventDate "2020.05.07"]
[EventType "swiss (blitz)"]

1. d4 {[%emt 0:00:01]} d5 {[%emt 0:00:01]} 2. Bf4 {[%emt 0:00:01]} Nf6 {[%emt 0:00:01]} 3. e3 {[%emt 0:00:01]} Bf5 {[%emt 0:00:01]} 4. c4 {[%emt 0:00:01]} dxc4 {[%emt 0:00:01]} 5. Nc3 {[%emt 0:00:01]} Nc6 {[%emt 0:00:01]} 6. Bxc4 {[%emt 0:00:01]} a6 {[%emt 0:00:02]} 7. Nf3 {[%emt 0:00:01]} e6 {[%emt 0:00:01]} 8. O-O {[%emt 0:00:01]} Bd6 {[%emt 0:00:00]} 9. Bg3 {[%emt 0:00:01]} Bxg3 {[%emt 0:00:01]} 10. hxg3 {[%emt 0:00:00]} Qd6 {[%emt 0:00:00]} 11. Qe2 {[%emt 0:00:01]} h5 {[%emt 0:00:01]} 12. e4 {[%emt 0:00:01]} Bg4 {[%emt 0:00:01]} 13. e5 {[%emt 0:00:03]} Nxd4 {[%emt 0:00:01]} 14. exd6 {[%emt 0:00:01]} Nxe2+ {[%emt 0:00:01]} 15. Bxe2 {[%emt 0:00:00]} cxd6 {[%emt 0:00:00]} 16. Rfd1 {[%emt 0:00:01]} O-O-O {[%emt 0:00:01]} 17. Nd4 {[%emt 0:00:01]} Bxe2 {[%emt 0:00:02]} 18. Ndxe2 {[%emt 0:00:00]} h4 {[%emt 0:00:00]} 19. Rac1 {[%emt 0:00:00]} hxg3 {[%emt 0:00:01]} 20. Nxg3 {[%emt 0:00:01]} Kb8 {[%emt 0:00:01]} 21. Nce4 {[%emt 0:00:00]} d5 {[%emt 0:00:01]} 22. Nxf6 {[%emt 0:00:01]} gxf6 {[%emt 0:00:00]} 23. Rc2 {[%emt 0:00:00]} Rh4 {[%emt 0:00:00]} 24. Rdc1 {[%emt 0:00:00]} Rd4 {[%emt 0:00:03]} 25. b3 {[%emt 0:00:00]} f5 {[%emt 0:00:01]} 26. Ne2 {[%emt 0:00:01]} Rd3 {[%emt 0:00:01]} 27. g3 {[%emt 0:00:01]} e5 {[%emt 0:00:01]} 28. Rc3 {[%emt 0:00:01]} Rd2 {[%emt 0:00:01]} 29. R3c2 {[%emt 0:00:01]} Rd3 {[%emt 0:00:01]} 30. Kf1 {[%emt 0:00:00]} d4 {[%emt 0:00:01]} 31. Ng1 {[%emt 0:00:02]} e4 {[%emt 0:00:02]} 32. Ke2 {[%emt 0:00:01]} Re8 {[%emt 0:00:01]} 33. Rd2 {[%emt 0:00:01]} Rc3 {[%emt 0:00:10]} 34. Rxc3 {[%emt 0:00:02]} dxc3 {[%emt 0:00:00]} 35. Rc2 {[%emt 0:00:00]} Rc8 {[%emt 0:00:00]} 36. Ke3 {[%emt 0:00:02]} b5 {[%emt 0:00:01]} 37. b4 {[%emt 0:00:00]} a5 {[%emt 0:00:02]} 38. a3 {[%emt 0:00:02]} axb4 {[%emt 0:00:01]} 39. axb4 {[%emt 0:00:00]} Rc4 {[%emt 0:00:00]} 40. Ne2 {[%emt 0:00:00]} Rxb4 {[%emt 0:00:01]} 41. Rxc3 {[%emt 0:00:00]} Rb1 {[%emt 0:00:01]} 42. Rc5 {[%emt 0:00:01]} Rb3+ {[%emt 0:00:01]} 43. Kf4 {[%emt 0:00:02]} Rf3+ {[%emt 0:00:00]} 44. Ke5 {[%emt 0:00:02]} Rxf2 {[%emt 0:00:00]} 45. Nd4 {[%emt 0:00:00]} e3 {[%emt 0:00:01]} 46. Kd6 {[%emt 0:00:02]} e2 {[%emt 0:00:01]} 47. Re5 {[%emt 0:00:01]} f4 {[%emt 0:00:01]} 48. gxf4 {[%emt 0:00:01]} Rxf4 {[%emt 0:00:00]} 49. Nxe2 {[%emt 0:00:01]} Rf6+ {[%emt 0:00:00]} 50. Kc5 {[%emt 0:00:01]} Re6 {[%emt 0:00:00]} 51. Rxe6 {[%emt 0:00:04]} fxe6 {[%emt 0:00:00]} 52. Kxb5 {[%emt 0:00:00]} Kc7 {[%emt 0:00:00]} 53. Kc5 {[%emt 0:00:00]} Kd7 {[%emt 0:00:00]} 54. Kd4 {[%emt 0:00:00]} Ke7 {[%emt 0:00:00]} 55. Ke5 {[%emt 0:00:00]} Kf7 {[%emt 0:00:01]} 56. Ng3 {[%emt 0:00:00]} Ke7 {[%emt 0:00:00]} 57. Ne4 {[%emt 0:00:00]} Kd7 {[%emt 0:00:00]} 58. Ng5 {[%emt 0:00:00]} Ke7 {[%emt 0:00:00]} 59. Ne4 {[%emt 0:00:00]} Kd7 {[%emt 0:00:00]} 60. Nc3 {[%emt 0:00:00]} Ke7 {[%emt 0:00:00]} 61. Na4 {[%emt 0:00:00]} Ke8 {[%emt 0:00:00]} 62. Nb6 {[%emt 0:00:00]} Ke7 {[%emt 0:00:01]} 63. Ke4 {[%emt 0:00:00]} Kd8 {[%emt 0:00:00]} 64. Nc4 {[%emt 0:00:00]} Kc7 {[%emt 0:00:00]} 65. Ke5 {[%emt 0:00:00]} Kd7 {[%emt 0:00:00]} 66. Ne3 {[%emt 0:00:00]} Kc6 {[%emt 0:00:00]} 67. Ng4 {[%emt 0:00:00]} Kc5 {[%emt 0:00:00]} 68. Ke4 {[%emt 0:00:01]} Kb4 {[%emt 0:00:00]} 69. Ne5 {[%emt 0:00:00]} Kc3 {[%emt 0:00:00]} 70. Ke3 {[%emt 0:00:01]} Kb2 {[%emt 0:00:00]} 71. Kd4 {[%emt 0:00:00]} Kc1 {[%emt 0:00:00]} 72. Kd3 {[%emt 0:00:00]} Kb1 {[%emt 0:00:00]} 73. Ke3 {[%emt 0:00:00]} Ka1 {[%emt 0:00:00]} 74. Kd2 {[%emt 0:00:00]} Ka2 {[%emt 0:00:00]} 75. Kc3 {[%emt 0:00:01]} Ka3 {[%emt 0:00:00]} 76. Kc2 {[%emt 0:00:00]} Ka4 {[%emt 0:00:00]} 77. Kc3 {[%emt 0:00:00]} Ka5 {[%emt 0:00:00]} 78. Kc4 {[%emt 0:00:00]} Kb6 {[%emt 0:00:00]} 79. Kd4 {[%emt 0:00:01]} Ka5 {[%emt 0:00:00]} 80. Kc5 {[%emt 0:00:00]} Ka4 {[%emt 0:00:01]} 81. Kc4 {[%emt 0:00:00]} Ka3 {[%emt 0:00:00]} 82. Nd3 {[%emt 0:00:00]} Ka4 {[%emt 0:00:00]} 83. Nc5+ {[%emt 0:00:01]} Ka3 {[%emt 0:00:00]} 84. Nb3 {[%emt 0:00:00]} e5 {[%emt 0:00:00]} 85. Nd4 {[%emt 0:00:00]} e4 {[%emt 0:00:00]} 86. Ne2 {[%emt 0:00:01]} e3 {[%emt 0:00:00]} 87. Kc3 {[%emt 0:00:00]} Ka4 {[%emt 0:00:01]} 88. Kd3 {[%emt 0:00:00]} Ka3 {[%emt 0:00:00]} 89. Nd4 {[%emt 0:00:00]} Kb2 {[%emt 0:00:00]} 90. Ke2 {[%emt 0:00:00]} Kc3 {[%emt 0:00:01]} 91. Nf5 {[%emt 0:00:00]} Kc4 {[%emt 0:00:01]} 92. Nd6+ {[%emt 0:00:00]} Kd5 {[%emt 0:00:00]} 93. Nf5 {[%emt 0:00:00]} Kc6 {[%emt 0:00:00]} 94. Ng3 {[%emt 0:00:00]} Kd7 {[%emt 0:00:00]} 95. Kf3 {[%emt 0:00:00]} Ke6 {[%emt 0:00:00]} 96. Ne2 {[%emt 0:00:00]} Kf7 {[%emt 0:00:00]} 97. Ke4 {[%emt 0:00:00]} Ke6 {[%emt 0:00:00]} 98. Kf4 {[%emt 0:00:01]} Kd6 {[%emt 0:00:00]} 99. Ke4 {[%emt 0:00:00]} Kc5 {[%emt 0:00:00]} 100. Kd3 {[%emt 0:00:01]} Kd5 {[%emt 0:00:00]} 101. Kc3 {[%emt 0:00:00]} Kc6 {[%emt 0:00:00]} 102. Kd3 {[%emt 0:00:00]} Kb7 {[%emt 0:00:00]} 103. Nf4 {[%emt 0:00:00]} Kc8 {[%emt 0:00:00]} 104. Ke2 {[%emt 0:00:00]} Kb8 {[%emt 0:00:00]} 105. Nd3 {[%emt 0:00:00] '} Ka7 {[%emt 0:00:01]} 106. Ne5 {[%emt 0:00:00]} Kb6 {[%emt 0:00:00]} 107. Nc4+ {[%emt 0:00:00]} Kc5 {[%emt 0:00:00]} 108. Nb2 {[%emt 0:00:00]} Kb4 {[%emt 0:00:01]} 109. Nd1 {[%emt 0:00:00]} Ka3 {[%emt 0:00:01]} 110. Ke1 {[%emt 0:00:00]} Ka4 {[%emt 0:00:00]} 111. Ke2 {[%emt 0:00:00]} Ka5 {[%emt 0:00:00]} 112. Nc3 {[%emt 0:00:00]} Ka6 {[%emt 0:00:01]} 113. Nd5 {[%emt 0:00:00]} Kb7 {[%emt 0:00:00]} 114. Ne7 {[%emt 0:00:00]} Ka7 {[%emt 0:00:00]} 115. Nf5 {[%emt 0:00:00]} Kb8 {[%emt 0:00:00]} 116. Nd4 {[%emt 0:00:00]} Ka8 {[%emt 0:00:00]} 117. Kd3 {[%emt 0:00:00]} Kb8 {[%emt 0:00:00]} 118. Ne2 {[%emt 0:00:00]} Ka8 {[%emt 0:00:01]} 119. Kc4 {[%emt 0:00:00]} Kb8 {[%emt 0:00:00]} 120. Kc5 {[%emt 0:00:00]} Kc7 {[%emt 0:00:00]} 121. Kb5 {[%emt 0:00:01]} Kd8 {[%emt 0:00:00]} 122. Kc4 {[%emt 0:00:00]} Ke8 {[%emt 0:00:00]} 123. Kd5 {[%emt 0:00:00]} Kf8 {[%emt 0:00:00]} 124. Ke6 {[%emt 0:00:00] Time (Lag: Av=1.02s, max=4.6s)} 1-0

[Event "Stay Safe Play From Home 129"]
[Site "T#645801Emanuel Laske"]
[Date "2020.05.07"]
[Round "8"]
[White "SoulofWolf"]
[Black "Lamborghini"]
[Result "0-1"]
[WhiteElo "2203"]
[BlackElo "2314"]
[Annotator "TA"]
[PlyCount "58"]
[EventDate "2020.05.07"]
[EventType "swiss (blitz)"]

{[%evp 9,58,21,24,16,23,9,43,45,39,-16,17,-22,26,0,7,-47,12,-122,-75,-212,64,38,30,30,220,100,173,90,183,-50,0,0,1,-43,-33,-77,138,0,145,146,583,529,532,237,227,-29991,-29992,-29992,-29992,-29994,-29992]} 1. Nf3 g6 2. c4 Bg7 3. e3 c5 4. Be2 d6 5. O-O Nf6 6. h3 {A10: English Opening: Unusual Replies for Black.} O-O {[#]} 7. d4 $146 ({Predecessor:} 7. b3 Ne4 8. d4 Bf5 9. Nbd2 Nc3 10. Qe1 Nxe2+ 11. Qxe2 cxd4 12. Nxd4 Bxd4 13. exd4 {1-0 (24) Santos Barbosa,J-Viera,C Petrolina 2009}) 7... Nc6 8. d5 {White is slightly better.} Na5 9. Nbd2 (9. Nc3 $14) 9... b6 10. Rb1 e5 11. b3 e4 12. Ng5 (12. Ne1 $11) 12... Re8 (12... Qe7 $15 13. Bb2 Bf5) 13. Qc2 (13. Bb2 $11 {keeps the balance.}) 13... Bf5 14. g4 (14. Kh2 $17) 14... Bd7 $2 {[#]} (14... Nxg4 $1 $19 15. Ngxe4 Nf6) 15. Ngxe4 Nxe4 16. Nxe4 h5 $2 (16... Qh4 $1 $11 {and Black is okay.} 17. Nxd6 Be5 18. Nxe8 Qxh3 19. Nf6+ Kg7 20. Nh5+ gxh5) 17. f3 (17. Nxd6 $18 {and White stays clearly on top.} Rf8 18. Bb2) 17... f5 (17... Qh4 $16 {was worth a try.}) 18. Nf2 ({Stronger than} 18. Nxd6 Qb8 $11) ({White should play} 18. Ng3 $18) 18... Nb7 (18... Qh4 $16 {keeps fighting.}) 19. Bb2 $2 (19. gxf5 $18 {And now Bd3 would win.} Qg5+ 20. Kh2 (20. Kh1 Qxf5 21. Qxf5 Bxf5 $16)) 19... Rxe3 (19... Bxb2 $15 20. Qxb2 Qh4) 20. Bxg7 $11 Kxg7 21. Qd2 Qe7 22. Bd3 {Black must now prevent Nd1.} f4 $2 (22... Qe5 $17 {and life is bright. Hoping for ...Qg3+.} 23. Kh1 hxg4) 23. Ne4 ({White should try} 23. Nd1 $16) 23... Qh4 {[#]} (23... hxg4 $1 $11 24. hxg4 Qh4) 24. Rbe1 $1 $36 {[%mdl 2048] White has strong initiative.} Qxh3 $2 {[%mdl 8192]} (24... Rxe1 $16 {is tougher.} 25. Qxe1 (25. Rxe1 hxg4 26. Qc3+ Kf7 $16) 25... Qxe1 26. Rxe1 Re8 27. gxh5 gxh5) 25. Rxe3 $18 fxe3 26. Qxe3 (26. Qc3+ $142 Kg8 27. Qf6) 26... hxg4 27. f4 $4 {[%mdl 8192]} (27. Qg5 $18 Rf8 28. Qe7+ {[%mdl 64] Double Attack} Rf7 29. Qxf7+ {[%mdl 64] Decoy} Kxf7 30. Ng5+ {[%mdl 64] Double Attack} Kf6 31. Nxh3 gxh3 32. Kh2) 27... Qxe3+ {Black mates.} 28. Kg2 Rf8 29. Rd1 Rxf4 {Accuracy: White = 22%, Black = 20%.} 0-1

[Event "Stay Safe Play From Home 129"]
[Site "T#645801Emanuel Laske"]
[Date "2020.05.07"]
[Round "8"]
[White "rohit2007"]
[Black "Edmatuag"]
[Result "1/2-1/2"]
[WhiteElo "2186"]
[BlackElo "1603"]
[Annotator "NA"]
[PlyCount "119"]
[EventDate "2020.05.07"]
[EventType "swiss (blitz)"]

1. g3 {[%emt 0:00:01]} e5 {[%emt 0:00:00]} 2. Bg2 {[%emt 0:00:00]} d6 {[%emt 0:00:01]} 3. d3 {[%emt 0:00:00]} Nc6 {[%emt 0:00:01]} 4. e4 {[%emt 0:00:00]} Nge7 {[%emt 0:00:01]} 5. Ne2 {[%emt 0:00:00]} f5 {[%emt 0:00:01]} 6. Bg5 {[%emt 0:00:01]} h6 {[%emt 0:00:02]} 7. exf5 {[%emt 0:00:00]} Bxf5 {[%emt 0:00:02]} 8. Bxe7 {[%emt 0:00:01]} Bxe7 {[%emt 0:00:01]} 9. O-O {[%emt 0:00:00]} O-O {[%emt 0:00:02]} 10. f4 {[%emt 0:00:00]} Qd7 {[%emt 0:00:02]} 11. fxe5 {[%emt 0:00:00]} dxe5 {[%emt 0:00:01]} 12. Kh1 {[%emt 0:00:00]} Bh3 {[%emt 0:00:01]} 13. Nbc3 {[%emt 0:00:01]} Rxf1+ {[%emt 0:00:02]} 14. Qxf1 {[%emt 0:00:00]} Rf8 {[%emt 0:00:02]} 15. Qg1 {[%emt 0:00:00]} Bg5 {[%emt 0:00:02]} 16. Rf1 {[%emt 0:00:01]} Rf6 {[%emt 0:00:04]} 17. Rxf6 {[%emt 0:00:03]} Bxf6 {[%emt 0:00:01]} 18. Ne4 {[%emt 0:00:01]} Bxg2+ {[%emt 0:00:01]} 19. Qxg2 {[%emt 0:00:01]} Nd4 {[%emt 0:00:01]} 20. Nxf6+ {[%emt 0:00:01]} gxf6 {[%emt 0:00:00]} 21. Nxd4 {[%emt 0:00:00]} Qxd4 {[%emt 0:00:01]} 22. Qxb7 {[%emt 0:00:00]} c5 {[%emt 0:00:01]} 23. Qb3+ {[%emt 0:00:01]} Kg7 {[%emt 0:00:02]} 24. Qb7+ {[%emt 0:00:00]} Kg6 {[%emt 0:00:01]} 25. Qe4+ {[%emt 0:00:01]} Qxe4+ {[%emt 0:00:01]} 26. dxe4 {[%emt 0:00:00]} f5 {[%emt 0:00:01]} 27. exf5+ {[%emt 0:00:01]} Kxf5 {[%emt 0:00:00]} 28. Kg2 {[%emt 0:00:00]} Ke4 {[%emt 0:00:01]} 29. Kf2 {[%emt 0:00:00]} c4 {[%emt 0:00:01]} 30. Ke2 {[%emt 0:00:01]} h5 {[%emt 0:00:01]} 31. c3 {[%emt 0:00:00]} a5 {[%emt 0:00:02]} 32. h4 {[%emt 0:00:00]} Kf5 {[%emt 0:00:01]} 33. Kf3 {[%emt 0:00:01]} e4+ {[%emt 0:00:01]} 34. Ke3 {[%emt 0:00:02]} Kg4 {[%emt 0:00:00]} 35. Kxe4 {[%emt 0:00:01]} Kxg3 {[%emt 0:00:00]} 36. Kd4 {[%emt 0:00:00]} Kxh4 {[%emt 0:00:00]} 37. Ke3 {[%emt 0:00:01]} Kg3 {[%emt 0:00:00]} 38. Kd4 {[%emt 0:00:01]} h4 {[%emt 0:00:00]} 39. Kxc4 {[%emt 0:00:00]} h3 {[%emt 0:00:01]} 40. Kb5 {[%emt 0:00:00]} h2 {[%emt 0:00:00]} 41. Kxa5 {[%emt 0:00:00]} h1=Q {[%emt 0:00:00]} 42. Kb4 {[%emt 0:00:01]} Qg2 {[%emt 0:00:01]} 43. a4 {[%emt 0:00:00]} Qxb2+ {[%emt 0:00:01]} 44. Kc5 {[%emt 0:00:00]} Qxc3+ {[%emt 0:00:01]} 45. Kb5 {[%emt 0:00:00]} Qa3 {[%emt 0:00:01]} 46. a5 {[%emt 0:00:00]} Qb3+ {[%emt 0:00:01]} 47. Kc6 {[%emt 0:00:01]} Qc3+ {[%emt 0:00:01]} 48. Kb6 {[%emt 0:00:01]} Qb4+ {[%emt 0:00:01]} 49. Kc6 {[%emt 0:00:01]} Qxa5 {[%emt 0:00:02]} 50. Kd6 {[%emt 0:00:01]} Kf4 {[%emt 0:00:00]} 51. Kc6 {[%emt 0:00:01]} Qe5 {[%emt 0:00:01]} 52. Kb7 {[%emt 0:00:00]} Kf5 {[%emt 0:00:00]} 53. Ka8 {[%emt 0:00:01]} Qe6 {[%emt 0:00:01]} 54. Ka7 {[%emt 0:00:00]} Qd6 {[%emt 0:00:01]} 55. Kb7 {[%emt 0:00:00]} Ke5 {[%emt 0:00:01]} 56. Kc8 {[%emt 0:00:00]} Kd5 {[%emt 0:00:01]} 57. Kb7 {[%emt 0:00:01]} Qc6+ {[%emt 0:00:01]} 58. Ka7 {[%emt 0:00:01]} Kd6 {[%emt 0:00:01]} 59. Kb8 {[%emt 0:00:01]} Kd7 {[%emt 0:00:03]} 60. Ka7 {[%emt 0:00:01] Time} 1/2-1/2